000 00503nam a2200193Ia 4500
005 20250317131037.0
008 008 250317s9999 xx 000 0 eng d
037 _aTextbook
040 _aFMSL
_beng
_cFMSL
041 _aeng
_2eng
084 _qFMSL
100 _aI.C.S.S.R
_9740286
245 0 _aSurvey of Research in public Administration
260 _aAllied
_bAllied, publishers
_c1975
300 _a575p
490 _vvol. II
942 _cTB
999 _c1266428
_d1266428